00249 a2200109 4500001000700000020000600007040001100013100002100024240004500045245004000090362000900130174208 a  cMagnum aKamii, Constance10aJogos em grupo na educacao infantillpor10aJogos em grupo na educacao infantil0 a1899